000 00595nam a22001457a 4500
008 230405b |||||||| |||| 00| 0 eng d
040 _aNational Science Library
_cNational Science Library
080 _a061.5(73)
_bK0
245 _aAnnual report of the board of regents of the Smithsonian institution
_c/ Showing the Operations, Expenditures, and Condition of the Institution for the Year Ended June 30
260 _aWashington:
_bUnited States Government Printing Office,
_c1959
300 _ax, 693p.
490 _aPublication
_v4392
650 _aSmithsonian institute
942 _2udc
_cBK
999 _c18422
_d18422